000 01054nam a2200253 a 4500
001 000021708
005 20200930011423.0
008 100910t1996 dr r 001 0 spa d
040 _aDO-SdBNP
_bspa
_cBNPHU
082 _a228
_bH557L,1996
100 1 _aHernández Pichardo, Laly
_945143
245 1 4 _aUna lectura en fe del apocalipsis de Juan /
_cLaly Hernández Pichardo ; prólogo Julio Roque Escobar.
260 _aSanto Domingo :
_bAmigo del Hogar,
_c1996.
300 _a165 p. ;
_c23 cm.
500 _aIncluye referencias bibliográficas y notas al pie de las páginas.
500 _aIncluye datos biográficos de la autora en la solapa de la cubierta.
504 _aBibliografía : p.165
590 _aInventariado, 2018/BT
650 4 _aBiblia-n.t.
_xApocalipsis
_xCrítica, interpretación, etc.
_935109
650 4 _aBiblia-n.t.
_xSan juan, vi
_xCrítica, interpretación, etc.
_945144
650 4 _aBiblia-a.t.
_xSan juan
_xComentarios
_945145
700 1 _aRoque Escobar, Julio,
_epról.
_945146
910 _aValidado. Control de calidad. EMS
999 _c21207
_d21207